Biographic dictionary of Chinese communism: 1921-1965 (Record no. 11150)
[ view plain ]
| 000 -LEADER | |
|---|---|
| fixed length control field | 00533nam a2200157Ia 4500 |
| 082 ## - DEWEY DECIMAL CLASSIFICATION NUMBER | |
| Classification number | RR 923.251 KLE-; |
| 100 ## - MAIN ENTRY--AUTHOR NAME | |
| Personal name | Klein, Donald W. |
| 245 #0 - TITLE STATEMENT | |
| Title | Biographic dictionary of Chinese communism: 1921-1965 |
| 260 ## - PUBLICATION, DISTRIBUTION, ETC. (IMPRINT) | |
| Place of publication | Cambridge |
| Name of publisher | Harvard University Press |
| Year of publication | 1971 |
| 300 ## - PHYSICAL DESCRIPTION | |
| Number of Pages | 2v. |
| 504 ## - BIBLIOGRAPHY, ETC. NOTE | |
| Bibliography, etc | Contents: Vol.1. Ai Szu-ch'i-Lo I-nung(xvi, 641p.).-v.2.Lo Jui-ch'ing-Yun Tai-ying(642-1194p.) |
| 650 ## - SUBJECT ADDED ENTRY--TOPICAL TERM | |
| Topical Term | Communism - History - China |
| 650 ## - SUBJECT ADDED ENTRY--TOPICAL TERM | |
| Topical Term | Communists - Biography - China - 1921-1965 |
| 700 ## - ADDED ENTRY--PERSONAL NAME | |
| Personal name | Clark, Anne B. |
| 942 ## - ADDED ENTRY ELEMENTS (KOHA) | |
| Koha item type | Books |
| Withdrawn status | Lost status | Damaged status | Not for loan | Home library | Current library | Date acquired | Full call number | Accession Number | Price effective from | Koha item type |
|---|---|---|---|---|---|---|---|---|---|---|
| NASSDOC Library | NASSDOC Library | 08/06/2004 | RR 923.251 KLE-; | 2740 | 18/04/2019 | Books | ||||
| NASSDOC Library | NASSDOC Library | 08/06/2004 | RR 923.251 KLE-; | 2741 | 18/04/2019 | Books |
